000 00619nam a2200229 4500
003 OSt
005 20240606083020.0
006 a
008 240606b |||||||| |||| 00| 0 eng d
020 _a97807071330022
040 _aDWCL-Main lib.
_cOC
082 _aCirc. 574.87 P189c 2012
100 _a574.87 P189c 2012
245 _aCytology, genetics and molecular genetics /
260 _aNew Delhi :
_bTata McGraw-Hill,
_cc2012.
300 _axi,
_b529 p. : illus. ;
_c23 cm.
650 _a1. Cytology
650 _a2. Genetics.
650 _a3. Zoology
700 _aB N Pandey
942 _2ddc
_n0
_cBK-CIRC
_kCirc.
999 _c318
_d318